| 000 | 00860nam a22002417a 4500 | ||
|---|---|---|---|
| 003 | UA-OsUOA | ||
| 001 | 39169 | ||
| 007 | ta | ||
| 008 | 20060613b un ||||| |||| 00| 0 ukr d | ||
| 100 | _aТеофан Затворник | ||
| 090 |
_a241.533:265 _bТ33 |
||
| 942 | _cBK | ||
| 040 |
_aUA-OsUOA _bukr _cUA-OsUOA _dUA-OsUOA |
||
| 245 | _aПро покаяння, причастя свіятих Христових таїнств і виправлення життя. Слова преосвященного Теофана на святу Чотиридесятницю на тижні, що готують до неї | ||
| 300 | _a200 с. | ||
| 955 | _a2 | ||
| 041 | _aukr | ||
| 080 | _a241.533:265 | ||
| 020 | _a966-561-362-6 | ||
| 260 |
_aЛьвів _bСвічадо _c2004 |
||
| 650 | 7 |
_a2 Релігія. Теологія. _2UDC |
|
| 999 |
_c325315 _d325315 |
||